000 00764nam a22002177a 4500
005 20240530110958.0
008 221204s2006 au a f b 000 0 eng d
017 _a2006/25059
020 _a9772582899
040 _aEG-CaGPL
_cEG-CaGPL
082 0 4 _221
_a664.06
_bع م
100 0 _aعبدالله محمد جعفر
245 1 0 _aالمواد الحافظة والمضافة فى الصناعات الغذائية /
_cتاليف عبدالله محمد جعفر
250 _aط.1
260 _aالقاهرة :
_bمصر العربية للنشر والتوزيع،
_c2006
300 _a417 ص. ؛
_c24 سم.
650 0 7 _2qrmak
_aالصناعات الغذائية
651 _2qrmak
942 _2ddc
_cBK
999 _c67126
_d67126